Culture Générale - Série 395 - Statistiques

Statistiques générales
  • Ce quiz a été pris 303 fois
  • Le résultat moyen est 8 sur 10
Statistiques - réponses
Question Réponse % Correct
Je suis un animal de la classe des amphibiens, ma larve est appelée têtard et dans une célèbre fable je veux me faire aussi grosse que le boeuf. Qui suis-je ? La grenouille
97%
Quel pays est bordé par la Méditerranée, l'Atlantique, la Manche et la mer du Nord ? La France
95%
De quel D.R.O.M. (Département et Région d'outre-mer) la ville de Saint-Denis est-elle le chef-lieu de département ? La Réunion
90%
Quel est le prénom du père de la styliste Stella McCartney ? Paul
88%
Quel mot rimant avec aspic est le nom scientifique du ver de terre ? Le lombric
84%
Quel mot anglais désigne un rouge à lèvres brillant ? Le gloss
80%
Comment se prénomme le menuisier, créateur de Pinocchio dans le dessin animé de Walt Disney ? Geppetto
75%
Au jeu du "Mille Bornes", quel animal figure sur la carte "100 km" ? Un lièvre
69%
Au jeu du "Mille Bornes", quel animal figure sur la carte "25 km" ? Un escargot
63%
Quel danseur étoile français a participé à l'émission "La Ferme Célébrités 2" ? Patrick Dupond
37%
Aucun quiz correspondant
Distribution des résultats
% des personnes avec chaque résultat
Percentile par nombre de réponses
Votre historique - résultats
Vous n’avez pas pris ce quiz